Icebreaker (Record no. 323444)

000 -LEADER
fixed length control field 00295 a2200133 4500
001 - CONTROL NUMBER
control field 88371
003 - CONTROL NUMBER IDENTIFIER
control field NUST
082 ## - DEWEY DECIMAL CLASSIFICATION NUMBER
Classification number 823.914 GAR
100 ## - MAIN ENTRY--PERSONAL NAME
Personal name Gardner John
9 (RLIN) 9774
245 ## - TITLE STATEMENT
Title Icebreaker
Statement of responsibility, etc. Gardner John
250 ## - EDITION STATEMENT
Edition statement 1st
260 ## - PUBLICATION, DISTRIBUTION, ETC.
Place of publication, distribution, etc. USA
Name of publisher, distributor, etc. G.P. Putnam
Date of publication, distribution, etc. 1983
300 ## - PHYSICAL DESCRIPTION
Extent 301p
942 ## - ADDED ENTRY ELEMENTS (KOHA)
Institution code [OBSOLETE] CAE NUST
Koha item type Book
Call number prefix 823.914 GAR
Source of classification or shelving scheme
Holdings
Withdrawn status Lost status Damaged status Not for loan Collection code Permanent Location Current Location Date acquired Total Checkouts Full call number Barcode Date last seen Price effective from Koha item type
          College of Aeronautical Engineering (CAE) College of Aeronautical Engineering (CAE) 04/03/2017   823.914 GAR CAE52687 04/05/2017 04/05/2017 Book
© 2023 Central Library, National University of Sciences and Technology. All Rights Reserved.